000 00662nam a2200277Ia 4500
005 20260324133908.0
008 008 260324s9999 xx 000 0 eng d
020 _a9780429062995
037 _aEBOOK
040 _aCRL
040 _beng
040 _cCRL
041 _2eng
041 _aeng
084 _qCRL
100 _aMarc Olano; Michael McCool; John Hart; Wolfgang Heidrich
_91194792
245 0 _aReal-Time Shading
260 _bTaylor and Francis
260 _c2002
365 _a
365 _b290
856 _uhttp://www.taylorfrancis.com/books/9780429062995
942 _cEBOOK
999 _c1794320
_d1794320